Ultimate Marvel Characters List - Statistics

General Stats
  • This quiz has been taken 45 times
    9 since last reset
  • The average score is 146 of 437
Answer Stats
Answer % Correct
Ant-Man
100%
Aunt May | May Parker
100%
Ben Parker | Uncle Ben
100%
Black Panther
100%
Black Widow
100%
Captain America
100%
Colossus
100%
Cyclops
100%
Deadpool
100%
Doctor Strange
100%
Drax
100%
Falcon
100%
Gamora
100%
Groot
100%
Hawkeye
100%
Hela
100%
Hulk
100%
Human Torch
100%
Invisible Woman
100%
Iron Man
100%
Loki
100%
Magneto
100%
Mantis
100%
Mr. Fantastic
100%
Mystique
100%
Odin
100%
Pepper Potts
100%
Professor X
100%
Red Skull
100%
Rocket Raccoon
100%
Rogue
100%
Scarlet Witch | Wanda
100%
Shuri
100%
Silver Surfer
100%
Spider-Man
100%
Star-Lord
100%
The Thing
100%
The Wasp
100%
The Wolverine
100%
Thor
100%
Vision
100%
Whiplash
100%
Winter Soldier
100%
Agatha Harkness
75%
Captain Marvel
75%
Doctor Doom
75%
Doctor Octopus
75%
Ego
75%
Electro
75%
Green Goblin
75%
Gwen Stacy
75%
Heimdall
75%
Howard Stark
75%
Korg
75%
Maria Hill
75%
Maria Stark
75%
Mary Jane Watson
75%
Morgan Stark
75%
Nebula
75%
Ned Leeds
75%
Nick Fury
75%
Peggy Carter | Captain Carter
75%
Quicksilver
75%
Red Guardian
75%
Sandman
75%
Shang-Chi
75%
Sin
75%
Storm
75%
Thanos
75%
The Lizard
75%
Ultron
75%
Valkyrie
75%
Vulture
75%
War Machine
75%
Wong
75%
Yelena Belova
75%
Yondu
75%
Abomination
50%
Adam Warlock
50%
Angel | Archangel
50%
Baron Zemo
50%
Beast
50%
Betty Ross
50%
Bishop
50%
Black Bolt
50%
Black Knight
50%
Blade
50%
Blink
50%
Bullseye
50%
Captain Britain
50%
Carnage
50%
Cosmo
50%
Crossbones
50%
Darcy Lewis
50%
Daredevil
50%
Darwin
50%
Domino
50%
Dracula
50%
Echo
50%
Elektra
50%
Erik Selvig
50%
Fandral
50%
Frigga
50%
Galactus
50%
Gambit
50%
Ghost
50%
Ghost Rider
50%
Gorr
50%
Grandmaster
50%
Happy Hogan
50%
High Evolutionary
50%
Hogun
50%
Howard the Duck
50%
Iceman
50%
Iron Fist
50%
Iron Monger
50%
Jane Foster | Mighty Thor
50%
Jean Grey | Phoenix
50%
Jessica Jones
50%
Jimmy Woo
50%
Juggernaut
50%
Kang the Conqueror
50%
Kate Bishop
50%
Killmonger
50%
KIngpin
50%
Kraglin
50%
Kraven the Hunter
50%
Kurse
50%
Lady Deathstrike
50%
Laufey
50%
Luke Cage | Power Man
50%
Madame Web
50%
Magik
50%
Malekith
50%
Maria Rambeau
50%
Miek
50%
Miles Morales
50%
M.O.D.O.K.
50%
Monica Rambeau
50%
Moon Knight
50%
Morbius
50%
Ms Marvel
50%
Mysterio
50%
Nakia
50%
Namor
50%
Nightcrawler
50%
Nova
50%
Okoye
50%
Phil Coulson
50%
Pyro
50%
Red Hulk
50%
Rhino
50%
Sabretooth
50%
Scorpion
50%
Sentry
50%
Shatterstar
50%
She-Hulk
50%
Shocker
50%
Sif
50%
Spider-Ham
50%
Super-Skrull
50%
Swordsman
50%
Taskmaster
50%
The Ancient One
50%
The Mandarin
50%
The Punisher
50%
Tinkerer
50%
Titania
50%
Toad
50%
Venom
50%
Volstagg
50%
White Tiger
50%
X-23
50%
Yukio
50%
Absorbing Man
25%
Agent Venom
25%
Ajak
25%
Aldrich Killian
25%
Arnim Zola
25%
Azazel
25%
Banshee
25%
Baron Strucker
25%
Batroc the Leaper
25%
Betty Brant
25%
Big Wheel
25%
Bolivar Trask
25%
Cable
25%
Caliban
25%
Cannonball
25%
Cassandra Nova
25%
Chameleon
25%
Clea
25%
Cloak
25%
Corvus Glaive
25%
Cottonmouth
25%
Crimson Dynamo
25%
Crystal
25%
Dagger
25%
Dazzler
25%
Dormammu
25%
Druig
25%
Ebony Maw
25%
Emma Frost | White Queen
25%
Ezekiel Stane
25%
Flag Smasher
25%
Gilgamesh
25%
Hammerhead
25%
Havok
25%
Hercules
25%
Hobgoblin
25%
Hyperion
25%
Ikaris
25%
Ironheart
25%
Jarvis
25%
J. Jonah Jameson
25%
Jubilee
25%
Justin Hammer
25%
Kaecilius
25%
Kingo
25%
King T'Chaka
25%
Kitty Pryde | Shadowcat
25%
Klaw
25%
Living Laser
25%
Liz Allan
25%
Lockjaw
25%
Makkari
25%
Man-Ape | M'Baku
25%
Man-Thing
25%
Medusa
25%
Mephisto
25%
Mimic
25%
Mole Man
25%
Molten Man
25%
Morph
25%
Mr. Negative
25%
Multiple Man
25%
Nightmare
25%
Phastos
25%
Polaris
25%
Prowler
25%
Proxima Midnight
25%
Psylocke
25%
Quake
25%
Queen Ramonda
25%
Riot
25%
Ronan the Accuser
25%
Scarlet Spider
25%
Scream
25%
Screwball
25%
Sebastian Shaw
25%
Sentinel
25%
Sersi
25%
Silver Sable
25%
Silver Samurai
25%
Skaar
25%
Skurge | Executioner
25%
Speed
25%
Spiderman 2099
25%
Spiderman Noir
25%
Spider-Punk
25%
Spiderwoman
25%
Sprite
25%
Starfox
25%
Sunspot
25%
Surtur
25%
Talos
25%
Taserface
25%
The Collector
25%
The Destroyer
25%
The Hood
25%
The Leader
25%
Thena
25%
THe Spot
25%
Titanium Man
25%
Tombstone
25%
Viper
25%
Void
25%
Warpath
25%
Whirlwind
25%
White Wolf
25%
Wiccan
25%
William Stryker
25%
Wizard
25%
Wolfsbane
25%
Wonder Man
25%
Wraith
25%
Wrecker
25%
X-24
25%
Yellowjacket
25%
Zeus
25%
A-Bomb
0%
Achebe
0%
Agent 13
0%
Agony
0%
Alexander Pierce
0%
Amadeus Cho
0%
America Chavez
0%
Annihilus
0%
Apocalypse
0%
Arishem
0%
Arno Stark
0%
Attuma
0%
Barracuda
0%
Battlestar
0%
BB Urich
0%
Beetle
0%
Ben Urich
0%
Beta Ray Bill
0%
Beyonder
0%
Big Bertha
0%
Black Cat
0%
Black Crow
0%
Black Lotus
0%
Black Tarantula
0%
Blizzard
0%
Blob
0%
Boom Boom
0%
Boomerang
0%
Brother Voodoo
0%
Bulldozer
0%
Captain Universe
0%
Cardiac
0%
Chemistro
0%
Constrictor
0%
Cull Obsidion
0%
Dar-Benn
0%
Dead Ringer
0%
Delilah
0%
Dreykov
0%
Elsa Bloodstone
0%
Enchantress
0%
Enforcer
0%
Eros
0%
Fafnir
0%
Fenris Wolf
0%
Fin Fang Foom
0%
Firefist
0%
Firepower
0%
Firestar
0%
Foggy Nelson
0%
Goliath
0%
Grim Reaper
0%
Harley Keener
0%
Hellcat
0%
Hellstorm
0%
Ho Yinsen
0%
Hulkling
0%
Hydro-Man
0%
Iron Lad
0%
Isaiah Bradley
0%
Ivan Petrovich
0%
Jackal
0%
Jack of Hearts
0%
Jennifer Kale
0%
Jeryn Hogarth
0%
Jocasta
0%
Jormungand
0%
Karen Page
0%
Karma
0%
Karnak
0%
Karnilla
0%
Ka Zar
0%
King Cobra
0%
Kulan Gath
0%
Lasher
0%
Linda Carter
0%
Love
0%
Malice
0%
Mangog
0%
Man-Wolf
0%
Mar-Vell
0%
Melina Vostokoff
0%
Melter
0%
Mister Hyde
0%
Misty Knight
0%
Moira MacTaggert
0%
Mojo
0%
Moondragon
0%
Moon Girl
0%
Mordo
0%
Morlun
0%
Mr. Sinister
0%
Muse
0%
Overdrive
0%
Owl
0%
Phage
0%
Phantom Rider
0%
Phyla-Vell
0%
Power Broker
0%
Proudstar
0%
Quasar
0%
Queen Divine Justice
0%
Radioactive Man
0%
Rose
0%
Sage
0%
Satana
0%
Scourge
0%
Shanna
0%
Shriek
0%
Shuma-Gorath
0%
Silk
0%
Silvermane
0%
Songbird
0%
Spectrum
0%
Speed Demon
0%
Spidercide
0%
Spider-Girl
0%
Spymaster
0%
Squirrel Girl
0%
Stegron
0%
Swarm
0%
S'Yan
0%
Talon
0%
Tempest
0%
Tetu
0%
The Controller
0%
The Watcher
0%
Thunderbird
0%
Tigra
0%
Ulik
0%
Ultimo
0%
Umar
0%
Unicorn
0%
Union Jack
0%
U.S. Agent
0%
Valerie Cooper
0%
Vermin
0%
Warbird
0%
Wendigo
0%
Werewolf by Night
0%
White Rabbit
0%
Widowmaker
0%
Will O' the Wisp
0%
Yon-Rogg
0%
Zanzibar
0%
Zarrko
0%
Zom
0%
No matching quizzes found
Score Distribution
Percent of People with Each Score
Percentile by Number Answered
Your Score History
You have not taken this quiz since the last reset